LEADER 03667aam 2200673 n 450 001 9910496030803321 005 20250709200211.0 010 $a9782858925131 010 $a2858925135 024 7 $a10.4000/books.msha.10771 035 $a(CKB)4110000000009060 035 $a(FrMaCLE)OB-msha-10771 035 $a(PPN)241656176 035 $a(FR-PaCSA)88855348 035 $a(FRCYB88855348)88855348 035 $a(EXLCZ)994110000000009060 100 $a20191114j|||||||| ||| 0 101 0 $afre 135 $auu||||||m|||| 181 $ctxt$2rdacontent 182 $cc$2rdamedia 183 $acr$2rdacarrier 200 10$aL?omnisports $eUne solution d?avenir pour le sport /$fJean-Paul Callède 210 $aPessac $cMaison des Sciences de l?Homme d?Aquitaine$d2019 215 $a1 online resource (276 p.) 311 08$a9782858924769 311 08$a2858924767 330 $aL'omnisports n'est ni une alternative au sport de haut niveau, ni une marge du sport et encore moins un modèle d'organisation dépassé. Tout au contraire, le principe de l'omnisports est une composante essentielle du sport et une solution d'avenir. Le maillage des clubs omnisports se trouve d'une part en relation verticale avec les instances nationales (les ministères dont celui de la Jeunesse & Sports, les fédérations unisports), soutenus en cela par leurs propres fédérations multisports, et, d'autre part, en prise directe sur les territoires de proximité en développant de nombreuses initiatives innovantes avec le soutien des collectivités locales. Cependant, les transformations observables dans ce domaine suscitent des inquiétudes, tant certaines ruptures l'emportent sur le dialogue et la concertation. Les clubs universitaires s'interrogent sur le niveau de reconnaissance que leur témoignent les Universités. Selon la FFCO, les clubs omnisports sont une pièce majeure dans l'organisation du sport en France, par delà la spécificité des racines historiques, des itinéraires singuliers et des logiques affinitaires. Au terme des échanges engagés avec la FSGT, la FSCF, l'UFOLEP et l'UNSLL, de fortes convergences se vérifient : sur les projets, les conceptions éducatives, les actions conduites, la diversité des publics, les valeurs à porter. Ce 30ème volume des Cahiers de l'Université Sportive d'Été en prend acte. Sans l'omnisports, modèle plus que centenaire et jalonné jusqu'à aujourd'hui d'innovations et de métamorphoses heureuses, qui pourra soutenir que le sport en France a un avenir pleinement assuré ? 517 $aL'omnisports 517 $aOmnisports 606 $aSociology 606 $aHospitality Leisure Sport & Tourism 606 $aomnisport 606 $asport de haut niveau 606 $aclub 606 $afédération omnisport 606 $ainnovation 615 4$aSociology 615 4$aHospitality Leisure Sport & Tourism 615 4$aomnisport 615 4$asport de haut niveau 615 4$aclub 615 4$afédération omnisport 615 4$ainnovation 700 $aAndrusyszyn$b Colette$01272539 701 $aBureau$b Pierre-Philippe$01276095 701 $aCallède$b Jean-Paul$0603856 701 $aCharrier$b Dominique$01276096 701 $aCloup$b Cyril$01276097 701 $aGibert$b Ernest$01272566 701 $aMartin$b Jean-Michel$01272579 701 $aNicaise$b Danièle$01276098 701 $aPerreau-Bezouille$b Gérard$01276099 701 $aPerusin$b Audrey$01276100 801 0$bFR-FrMaCLE 906 $aBOOK 912 $a9910496030803321 996 $aL?omnisports$93006812 997 $aUNINA